In Nicaragua, a sense of destiny /
Furkejuvvon:
| Váldodahkki: | |
|---|---|
| Eará dahkkit: | |
| Materiálatiipa: | Texto |
| Almmustuhtton: |
s.l.:
s.e.
|
| Fáddágilkorat: |
Lasit fáddágilkoriid
Eai fáddágilkorat, Lasit vuosttaš fáddágilkora!
|
MARC
| LEADER | 00000 a a2200000 04500 | ||
|---|---|---|---|
| 001 | 24786 | ||
| 003 | |||
| 040 | |||
| 090 | |a 177400 | ||
| 100 | |a Evanks, Rowland | ||
| 245 | |a In Nicaragua, a sense of destiny / |c Rowland Evanks | ||
| 260 | |a s.l.: |b s.e. | ||
| 300 | |a 6 p. | ||
| 700 | |a Novak, Robert | ||
| 999 | |c 1851 |d 1851 | ||
